[Event "4NCL/Div2/WIT-SWD"]
[Site "Rd6-Birmingham"]
[Date "2000.01.23"]
[Round "6.3"]
[White "Hannon, Mark"]
[Black "James, David J"]
[Result "1/2-1/2"]
[WhiteElo "2096"]
[BlackElo "2238"]
[PlyCount "86"]
[EventDate "2000.01.23"]
[Source "Britbase"]
[SourceDate "2000.01.01"]

1. c4 e5 2. g3 Nc6 3. Bg2 g6 4. Nc3 Bg7 5. e4 d6 6. Nge2 f5 7. O-O Be6 8. exf5
Bxf5 9. d3 Nge7 10. h3 O-O 11. g4 Be6 12. Nd5 Rb8 13. Nec3 Qd7 14. Bg5 h6 15.
Bh4 g5 16. Nxe7+ Nxe7 17. Bg3 Ng6 18. Qa4 Qxa4 19. Nxa4 Nf4 20. Bxf4 Rxf4 21.
Nc3 c6 22. Rad1 Rd8 23. b3 Rff8 24. Ne2 d5 25. Ng3 Rfe8 26. Rfe1 Kf7 27. Bf3
Kg6 28. Kg2 Re7 29. Be2 Rf7 30. Nh5 Rfd7 31. Nxg7 Kxg7 32. c5 Bf7 33. Bf3 Re7
34. Kg3 Bg6 35. b4 Rf8 36. Bg2 Ree8 37. Re3 Rf4 38. a3 Rd4 39. Bf1 e4 40. Rde1
Rf8 41. dxe4 Rxe4 42. Rxe4 Bxe4 43. Re3 Bc2 1/2-1/2

[Event "4NCL/Div2/WIT-SWD"]
[Site "Rd6-Birmingham"]
[Date "2000.01.23"]
[Round "6.4"]
[White "Zeidler, Sven"]
[Black "Bourne, Jonathan"]
[Result "1-0"]
[WhiteElo "2235"]
[BlackElo "2064"]
[PlyCount "63"]
[EventDate "2000.01.23"]
[Source "Britbase"]
[SourceDate "2000.01.01"]

1. e4 c5 2. Nc3 Nc6 3. Bb5 Nd4 4. Bc4 e6 5. Nge2 Nf6 6. O-O a6 7. a4 Nxe4 8.
Nxe4 d5 9. Nxd4 cxd4 10. Bd3 dxe4 11. Bxe4 Qc7 12. f4 g6 13. b3 Bd7 14. Qf3 Bc6
15. Bb2 Bg7 16. Bxc6+ Qxc6 17. Qxc6+ bxc6 18. Rae1 O-O 19. Re4 Rfd8 20. g4 Rd5
21. Ba3 h5 22. h3 hxg4 23. hxg4 Bf8 24. Bxf8 Kxf8 25. Rf3 Kg7 26. Rh3 Rh8 27.
Rxh8 Kxh8 28. Kf2 Kg7 29. Ke2 Kf6 30. Kd3 g5 31. b4 a5 32. Rxd4 1-0

[Event "4NCL/Div2/WIT-SWD"]
[Site "Rd6-Birmingham"]
[Date "2000.01.23"]
[Round "6.5"]
[White "Elliott, Sean"]
[Black "Morris, Charles"]
[Result "0-1"]
[WhiteElo "2000"]
[BlackElo "2231"]
[PlyCount "48"]
[EventDate "2000.01.23"]
[Source "Britbase"]
[SourceDate "2000.01.01"]

1. e4 e6 2. d4 d5 3. Nc3 Nf6 4. e5 Nfd7 5. f4 c5 6. Nf3 Nc6 7. Be3 cxd4 8. Nxd4
Bc5 9. Qd2 O-O 10. O-O-O a6 11. h4 Qc7 12. Rh3 b5 13. Rg3 Bxd4 14. Bxd4 f5 15.
Rg5 Nxd4 16. Qxd4 Nc5 17. Bd3 Qb6 18. Bxf5 exf5 19. e6 Qa7 20. e7 Qxe7 21. Nxd5
Qa7 22. Nf6+ Kh8 23. Qd6 Be6 24. Nh5 Ne4 0-1

[Event "4NCL/Div2/WIT-SWD"]
[Site "Rd6-Birmingham"]
[Date "2000.01.23"]
[Round "6.6"]
[White "Cast, Abigail"]
[Black "Jones, Nicholas"]
[Result "1/2-1/2"]
[WhiteElo "2133"]
[BlackElo "1968"]
[PlyCount "74"]
[EventDate "2000.01.23"]
[Source "Britbase"]
[SourceDate "2000.01.01"]

1. d4 d5 2. c4 e6 3. Nc3 Nf6 4. Bg5 c6 5. cxd5 exd5 6. Qc2 Be7 7. e3 Nbd7 8.
Bd3 O-O 9. Nge2 Re8 10. O-O Nf8 11. f3 Nh5 12. Bxe7 Rxe7 13. e4 g6 14. Rae1 Be6
15. e5 f5 16. f4 Ng7 17. b4 Rc7 18. Qb1 a6 19. Na4 Nd7 20. Nc5 Nxc5 21. bxc5
Qe7 22. Qc2 Rf8 23. Rf3 Bc8 24. Rg3 Rf7 25. Rf1 Kh8 26. Rh3 Be6 27. Qd2 Bc8 28.
Qe1 Kg8 29. Bc2 Ne6 30. Rb3 Nxc5 31. dxc5 Qxc5+ 32. Rf2 Qxc2 33. Nc3 Qd3 34.
Nb5 Qxb5 35. Rxb5 axb5 36. Qb4 Rce7 37. Qd6 Be6 1/2-1/2

[Event "4NCL/Div2/WIT-SWD"]
[Site "Rd6-Birmingham"]
[Date "2000.01.23"]
[Round "6.7"]
[White "Smith, Lucy"]
[Black "Binks, Michael"]
[Result "0-1"]
[WhiteElo "1680"]
[BlackElo "2118"]
[PlyCount "74"]
[EventDate "2000.01.23"]
[Source "Britbase"]
[SourceDate "2000.01.01"]

1. d4 d5 2. c4 c6 3. e3 Nf6 4. Nc3 e6 5. a3 Bd6 6. Nf3 Nbd7 7. Be2 O-O 8. O-O
Ne4 9. Qc2 f5 10. b4 Rf6 11. g3 Rh6 12. Nxe4 fxe4 13. Ne5 Nxe5 14. dxe5 Bxe5
15. Bb2 Bxb2 16. Qxb2 Qf6 17. Qxf6 Rxf6 18. Kg2 Bd7 19. c5 Raf8 20. f3 exf3+
21. Rxf3 e5 22. Rxf6 Rxf6 23. a4 a6 24. Rb1 Bf5 25. Rb2 Be4+ 26. Kg1 Bf3 27.
Bf1 Bd1 28. b5 Bxa4 29. bxa6 bxa6 30. Bxa6 Kf7 31. Bd3 e4 32. Be2 Ke6 33. Rb4
Bc2 34. Rb2 Bd3 35. Bxd3 exd3 36. Rd2 Ke5 37. Rxd3 Ke4 0-1

[Event "4NCL/Div2/3Cs-POI"]
[Site "Rd7-Birmingham"]
[Date "2000.03.25"]
[Round "7.1"]
[White "Longson, Alex"]
[Black "Lalic, Bogdan"]
[Result "0-1"]
[WhiteElo "2148"]
[BlackElo "2548"]
[PlyCount "68"]
[EventDate "2000.03.25"]
[Source "Britbase"]
[SourceDate "2000.01.01"]

1. e4 c6 2. d4 d5 3. Nc3 dxe4 4. Nxe4 Bf5 5. Ng3 Bg6 6. N1e2 e6 7. h4 h6 8. Nf4
Bh7 9. Bc4 Nf6 10. O-O Bd6 11. Re1 O-O 12. c3 Re8 13. Qf3 Nbd7 14. Be3 Nd5 15.
h5 Qf6 16. Nge2 N5b6 17. Bb3 e5 18. Ng6 Qxf3 19. gxf3 exd4 20. cxd4 Nf6 21.
Ngf4 Rad8 22. Kg2 Bc7 23. Rad1 Re7 24. Rh1 Red7 25. Rc1 Kf8 26. Rh4 Ne8 27.
Rhh1 Nf6 28. Rh4 Nc8 29. Rhh1 Bb6 30. Rhd1 Ne7 31. Bc2 Bxc2 32. Rxc2 Ned5 33.
Rcd2 Re7 34. Rd3 Rde8 0-1

[Event "4NCL/Div2/3Cs-POI"]
[Site "Rd7-Birmingham"]
[Date "2000.03.25"]
[Round "7.2"]
[White "Swanson, Stephen"]
[Black "Burgess, Jon"]
[Result "1-0"]
[WhiteElo "2283"]
[BlackElo "2145"]
[PlyCount "87"]
[EventDate "2000.03.25"]
[Source "Britbase"]
[SourceDate "2000.01.01"]

1. e4 c5 2. Nf3 g6 3. d3 Nc6 4. g3 Bg7 5. Bg2 d6 6. O-O e5 7. Nc3 Nge7 8. a3
Rb8 9. b4 b5 10. Rb1 a6 11. h3 O-O 12. Ne2 Kh8 13. Be3 Nd4 14. Nfxd4 cxd4 15.
Bd2 d5 16. exd5 Nxd5 17. Qc1 Bf5 18. Bh6 Rc8 19. Bxg7+ Kxg7 20. Qd2 f6 21. g4
Be6 22. Bxd5 Bxd5 23. f4 Qc7 24. Rbc1 Bb7 25. c4 dxc3 26. Rxc3 Qb6+ 27. Rf2
Rxc3 28. Nxc3 Qc6 29. Ne4 f5 30. gxf5 gxf5 31. Ng3 Qd5 32. Qc3 Rf6 33. Qxe5 Kf7
34. Qxd5+ Bxd5 35. Rc2 Kg6 36. Kf2 Rd6 37. h4 Be6 38. Ke3 Bd7 39. Rc5 Re6+ 40.
Re5 Rc6 41. Re7 Bc8 42. h5+ Kh6 43. Kd2 Be6 44. Rxe6+ 1-0

[Event "4NCL/Div2/3Cs-POI"]
[Site "Rd7-Birmingham"]
[Date "2000.03.25"]
[Round "7.3"]
[White "Taylor, Robert"]
[Black "Hammond, Andrew"]
[Result "0-1"]
[WhiteElo "2116"]
[BlackElo "2193"]
[PlyCount "60"]
[EventDate "2000.03.25"]
[Source "Britbase"]
[SourceDate "2000.01.01"]

1. e4 c5 2. d4 cxd4 3. c3 dxc3 4. Nxc3 Nc6 5. Nf3 e6 6. Bc4 Qc7 7. Qe2 Nf6 8.
e5 Ng4 9. Bf4 Bb4 10. Rc1 f6 11. O-O Bxc3 12. Rxc3 Ngxe5 13. b4 a6 14. b5 axb5
15. Bxb5 Nxf3+ 16. Qxf3 Qa5 17. Qh5+ g6 18. Qh6 Kf7 19. Rc5 b6 20. Bxc6 bxc5
21. Bxa8 Qxa8 22. h4 Qxa2 23. g4 Qe2 24. f3 e5 25. Be3 c4 26. Rf2 Qe1+ 27. Kg2
c3 28. Rf1 Qe2+ 29. Rf2 Qc4 30. f4 Qe4+ 0-1

[Event "4NCL/Div2/3Cs-POI"]
[Site "Rd7-Birmingham"]
[Date "2000.03.25"]
[Round "7.4"]
[White "Byway, Paul"]
[Black "Bentley, John"]
[Result "1-0"]
[WhiteElo "2240"]
[BlackElo "1984"]
[PlyCount "89"]
[EventDate "2000.03.25"]
[Source "Britbase"]
[SourceDate "2000.01.01"]

1. d4 Nf6 2. Nf3 g6 3. Bf4 Bg7 4. e3 O-O 5. h3 d6 6. c4 Nbd7 7. Nc3 c5 8. Be2
a6 9. O-O Rb8 10. Rb1 Qa5 11. a3 cxd4 12. exd4 e5 13. Be3 b5 14. cxb5 axb5 15.
Nxb5 e4 16. b4 Qa6 17. Nd2 Bb7 18. Qb3 Rfc8 19. Rfc1 Bd5 20. Nc3 Rxc3 21. Bxa6
Rxc1+ 22. Rxc1 Bxb3 23. Nxb3 Nd5 24. Rc6 Bf8 25. Na5 Rb6 26. b5 Nb8 27. Rxb6
Nxb6 28. Nc6 N8d7 29. Bd2 d5 30. Bb4 Bxb4 31. Nxb4 Kf8 32. Bb7 Nf6 33. a4 Nxa4
34. Bxd5 Nb6 35. Bb3 Nfd7 36. g4 h6 37. Kf1 f6 38. Ke2 Ke7 39. Nc6+ Kd6 40. Ke3
Nd5+ 41. Bxd5 Kxd5 42. Ne7+ Kc4 43. Kxe4 Kxb5 44. Nxg6 Kc6 45. Ne7+ 1-0

[Event "4NCL/Div2/3Cs-POI"]
[Site "Rd7-Birmingham"]
[Date "2000.03.25"]
[Round "7.5"]
[White "Walton, Alan"]
[Black "Rosen, Daniel"]
[Result "1-0"]
[WhiteElo "1928"]
[BlackElo "2239"]
[PlyCount "47"]
[EventDate "2000.03.25"]
[Source "Britbase"]
[SourceDate "2000.01.01"]

1. d4 f5 2. Bg5 d5 3. e3 Be6 4. Bd3 Nd7 5. Ne2 g6 6. h4 Ngf6 7. Nf4 Bf7 8. h5
Bg7 9. Nd2 e5 10. dxe5 Nxe5 11. Nf3 Qd6 12. Qd2 Ne4 13. Bxe4 Nc4 14. Qe2 fxe4
15. Nd4 c5 16. Nb3 Bxb2 17. Rd1 Bc3+ 18. Kf1 Qe5 19. Qg4 gxh5 20. Rxh5 b6 21.
Rh6 Rg8 22. Nh3 Rd8 23. Rxh7 Rd7 24. Rxf7 1-0

[Event "4NCL/Div2/3Cs-POI"]
[Site "Rd7-Birmingham"]
[Date "2000.03.25"]
[Round "7.6"]
[White "Moore, Gerald"]
[Black "Whitworth, Philip"]
[Result "0-1"]
[WhiteElo "2202"]
[BlackElo "1935"]
[PlyCount "78"]
[EventDate "2000.03.25"]
[Source "Britbase"]
[SourceDate "2000.01.01"]

1. Nf3 f5 2. c4 Nf6 3. g3 g6 4. Bg2 Bg7 5. O-O O-O 6. d4 d6 7. Nc3 c6 8. d5 e5
9. dxe6 Bxe6 10. Bf4 Bxc4 11. Bxd6 Re8 12. Qd4 Be6 13. Qb4 Nd5 14. Nxd5 Bxd5
15. e3 Qd7 16. Bf4 Na6 17. Qa3 Nc7 18. Rad1 Nb5 19. Qb4 Qe7 20. Qxe7 Rxe7 21.
a4 Nc7 22. Bd6 Rd7 23. Be5 Re8 24. Bxg7 Kxg7 25. Rd4 Ne6 26. Rd2 Nc5 27. Nd4
Kf6 28. a5 Red8 29. b4 Nb3 30. Nxb3 Bxb3 31. Rxd7 Rxd7 32. Rb1 Ba4 33. Bf1 a6
34. Ra1 Bc2 35. Rc1 Rd2 36. Bc4 Be4 37. Bf1 Rb2 38. Bg2 Bxg2 39. Kxg2 Rxb4 0-1

[Event "4NCL/Div2/3Cs-POI"]
[Site "Rd7-Birmingham"]
[Date "2000.03.25"]
[Round "7.7"]
[White "Ashton, Adam"]
[Black "Ledger, Stephen"]
[Result "0-1"]
[WhiteElo "1840"]
[BlackElo "2179"]
[PlyCount "68"]
[EventDate "2000.03.25"]
[Source "Britbase"]
[SourceDate "2000.01.01"]

1. e4 c5 2. Nf3 Nc6 3. Bb5 g6 4. O-O Bg7 5. Re1 Qb6 6. Bxc6 bxc6 7. e5 Nh6 8.
Nc3 Nf5 9. b3 O-O 10. Bb2 c4 11. Ba3 cxb3 12. axb3 d6 13. d4 Rd8 14. Na4 Qc7
15. Qe2 Be6 16. Rad1 Bd5 17. Ng5 h6 18. Nh3 g5 19. f4 Nh4 20. fxg5 Bxg2 21.
gxh6 Bf3 22. Qe3 Bxd1 23. Rxd1 Nf5 24. Qg5 Nxh6 25. Nf4 Kh7 26. Kh1 Rg8 27. Qh5
dxe5 28. Nh3 Bf6 29. Bc1 Rg6 30. Bxh6 Rxh6 31. Qxf7+ Kh8 32. Rf1 Qd6 33. Nc5
Rxh3 34. Ne6 Qd5+ 0-1

[Event "4NCL/Div2/BIG2-GUI2"]
[Site "Rd7-Birmingham"]
[Date "2000.03.25"]
[Round "7.1"]
[White "Barnes, Michael"]
[Black "Thompson, Ian"]
[Result "1/2-1/2"]
[WhiteElo "2245"]
[BlackElo "2249"]
[PlyCount "71"]
[EventDate "2000.03.25"]
[Source "Britbase"]
[SourceDate "2000.01.01"]

1. e4 e6 2. Nf3 d5 3. Nc3 Nf6 4. e5 Nfd7 5. d4 c5 6. dxc5 Nc6 7. Bf4 Bxc5 8.
Bd3 a6 9. O-O Be7 10. Re1 g5 11. Bg3 h5 12. h3 Rg8 13. Bf1 g4 14. hxg4 hxg4 15.
Nd4 Bh4 16. Nxc6 bxc6 17. Qd3 Bxg3 18. Qxg3 Qg5 19. Na4 Bb7 20. c4 O-O-O 21.
Rac1 Qh5 22. Bd3 Rg5 23. cxd5 Rh8 24. Kf1 exd5 25. Nc5 Nxc5 26. Rxc5 Re8 27.
Re3 Rgxe5 28. Ke2 Rxe3+ 29. fxe3 Qe5 30. Qxe5 Rxe5 31. Ra5 Kc7 32. Ra4 f5 33.
Kd2 c5 34. Bxa6 Bc6 35. Rf4 c4 36. b3 1/2-1/2

[Event "4NCL/Div2/BIG2-GUI2"]
[Site "Rd7-Birmingham"]
[Date "2000.03.25"]
[Round "7.2"]
[White "James, Russell"]
[Black "Wheeler, Darren"]
[Result "1/2-1/2"]
[WhiteElo "2204"]
[BlackElo "2224"]
[PlyCount "137"]
[EventDate "2000.03.25"]
[Source "Britbase"]
[SourceDate "2000.01.01"]

1. e4 e6 2. d4 d5 3. e5 c5 4. Nf3 Nc6 5. Bd3 cxd4 6. O-O Nge7 7. Bf4 Ng6 8. Bg3
Be7 9. a3 a5 10. Qe2 Bd7 11. Nbd2 Qb6 12. h4 Nf8 13. c4 dxc3 14. bxc3 a4 15. c4
Na5 16. Rab1 Qa7 17. cxd5 exd5 18. e6 Nxe6 19. Ne5 Nd4 20. Qh5 Be6 21. Ndf3
Nac6 22. Nxd4 Nxd4 23. Rfe1 Kf8 24. Rec1 b5 25. Bxb5 Rd8 26. Bd3 Bxa3 27. Nc6
Nxc6 28. Rxc6 Qd4 29. Bf5 Bxf5 30. Qxf5 Be7 31. Be5 Qe4 32. Qxe4 dxe4 33. Rb7
f6 34. Rcc7 fxe5 35. Rxe7 Ra8 36. Rf7+ Ke8 37. Rfe7+ Kd8 38. Red7+ Kc8 39.
Rdc7+ Kd8 40. Rxg7 a3 41. Ra7 Rxa7 42. Rxa7 a2 43. Rxa2 Ke7 44. Re2 Kf6 45.
Rxe4 Ra8 46. h5 Ra5 47. f3 Kg5 48. g4 Kh4 49. Kf2 Ra2+ 50. Ke3 Ra3+ 51. Ke2
Ra2+ 52. Kd3 Ra3+ 53. Ke2 Ra2+ 54. Ke3 Ra3+ 55. Kf2 Ra2+ 56. Re2 Rxe2+ 57. Kxe2
e4 58. Ke3 exf3 59. Kxf3 Kg5 60. Kg3 Kf6 61. Kf4 Kf7 62. Ke5 Ke7 63. g5 Kf7 64.
Kd6 Ke8 65. Ke6 Kf8 66. Kf6 Kg8 67. Ke7 Kg7 68. h6+ Kh8 69. Kf8 1/2-1/2

[Event "4NCL/Div2/BIG2-GUI2"]
[Site "Rd7-Birmingham"]
[Date "2000.03.25"]
[Round "7.3"]
[White "Hadzimanolis, Antonios"]
[Black "Richardson, Keith"]
[Result "1-0"]
[WhiteElo "2224"]
[BlackElo "2216"]
[PlyCount "71"]
[EventDate "2000.03.25"]
[Source "Britbase"]
[SourceDate "2000.01.01"]

1. e4 g6 2. d4 Bg7 3. Nc3 d6 4. f4 Nc6 5. Be3 Nf6 6. Be2 O-O 7. Nf3 a6 8. a4
Bg4 9. O-O Bxf3 10. Bxf3 e5 11. fxe5 dxe5 12. d5 Ne7 13. Na2 c6 14. c4 cxd5 15.
cxd5 Nc8 16. Qb3 Nd6 17. Bb6 Qd7 18. Qb4 Rfc8 19. b3 a5 20. Qe1 Ra6 21. Bf2 Ng4
22. Bg3 Bh6 23. Nc3 Be3+ 24. Kh1 Bd4 25. Rc1 Raa8 26. h3 Ne3 27. Rf2 f5 28.
Bxe5 Bxe5 29. Qxe3 Re8 30. Qd2 Bg3 31. Re2 fxe4 32. Bg4 Nf5 33. Nxe4 Qe7 34.
Bxf5 gxf5 35. Nxg3 Qg7 36. Nxf5 1-0

[Event "4NCL/Div2/BIG2-GUI2"]
[Site "Rd7-Birmingham"]
[Date "2000.03.25"]
[Round "7.4"]
[White "Anderton, Matthew"]
[Black "Thomas, Nick"]
[Result "1-0"]
[WhiteElo "2216"]
[BlackElo "2215"]
[PlyCount "71"]
[EventDate "2000.03.25"]
[Source "Britbase"]
[SourceDate "2000.01.01"]

1. e4 e6 2. d4 d5 3. Nc3 Bb4 4. e5 c5 5. a3 Bxc3+ 6. bxc3 Ne7 7. h4 Qa5 8. Bd2
Qa4 9. h5 Nbc6 10. Nf3 cxd4 11. cxd4 h6 12. Rh4 b6 13. Rg4 Nf5 14. Bd3 Ba6 15.
c4 Qxd1+ 16. Rxd1 Nce7 17. Bxf5 Nxf5 18. cxd5 exd5 19. Bb4 Rc8 20. Kd2 Rc6 21.
Re1 Bc8 22. Rf4 Be6 23. g4 Ne7 24. Nh4 a5 25. Bd6 Nc8 26. Nf5 Bxf5 27. Rxf5 Ne7
28. Rf4 Nc8 29. Re3 Rg8 30. a4 Kd7 31. Rxf7+ Ke6 32. Rc7 Rxc7 33. Bxc7 Kd7 34.
Rc3 Rf8 35. Ke3 Rf7 36. f4 1-0

[Event "4NCL/Div2/BIG2-GUI2"]
[Site "Rd7-Birmingham"]
[Date "2000.03.25"]
[Round "7.5"]
[White "Taylor, Peter"]
[Black "Norman, Ken"]
[Result "1/2-1/2"]
[WhiteElo "2187"]
[BlackElo "2180"]
[PlyCount "85"]
[EventDate "2000.03.25"]
[Source "Britbase"]
[SourceDate "2000.01.01"]

1. c4 g6 2. g3 Bg7 3. Bg2 c5 4. Nc3 Nc6 5. Nf3 e5 6. a3 a5 7. O-O Nge7 8. d3
O-O 9. Bg5 f6 10. Be3 d6 11. Rb1 Be6 12. Ne1 Qd7 13. Nc2 Bh3 14. b4 Bxg2 15.
Kxg2 axb4 16. axb4 b6 17. Bd2 f5 18. bxc5 bxc5 19. Ne3 f4 20. Ned5 Nxd5 21.
Nxd5 Ne7 22. Nxe7+ Qxe7 23. f3 fxg3 24. hxg3 Rfb8 25. Qc2 h5 26. Rxb8+ Rxb8 27.
Rb1 Rxb1 28. Qxb1 Qa7 29. Bg5 Kh7 30. Qb5 Qf7 31. Qc6 Bf8 32. Qc8 Kg7 33. Qd8
Qe6 34. Qc7+ Kg8 35. Qb7 Qf7 36. Qxf7+ Kxf7 37. Kh3 Ke6 38. e4 Bg7 39. Kh4 Bf8
40. Bd8 Bh6 41. Bg5 Bf8 42. Bd8 Bh6 43. Bg5 1/2-1/2

[Event "4NCL/Div2/BIG2-GUI2"]
[Site "Rd7-Birmingham"]
[Date "2000.03.25"]
[Round "7.7"]
[White "Acey, Gerald"]
[Black "Singleton, Michael"]
[Result "1/2-1/2"]
[WhiteElo "2136"]
[BlackElo "2008"]
[PlyCount "81"]
[EventDate "2000.03.25"]
[Source "Britbase"]
[SourceDate "2000.01.01"]

1. e4 c5 2. Nf3 Nc6 3. d3 g6 4. g3 Bg7 5. Bg2 d6 6. O-O e6 7. Nbd2 Nge7 8. c3
O-O 9. Re1 Qc7 10. Nf1 b6 11. Bg5 Bb7 12. d4 Rae8 13. Qd2 e5 14. d5 Nd8 15. c4
f6 16. Bh6 Bxh6 17. Qxh6 Nf7 18. Qd2 Kg7 19. Ne3 Bc8 20. Nh4 Ng5 21. Rf1 Ng8
22. Rae1 Nh6 23. Nd1 Nh3+ 24. Kh1 g5 25. Nf3 Qf7 26. Ng1 Nxg1 27. Kxg1 Qh5 28.
f3 g4 29. fxg4 Nxg4 30. Bf3 Qg6 31. Qg2 Nh6 32. Ne3 Nf7 33. Qe2 Ng5 34. Nf5+
Bxf5 35. exf5 Nxf3+ 36. Rxf3 Qg4 37. Qe4 Qxe4 38. Rxe4 Kh8 39. Kf2 Rg8 40. g4
Re7 41. Rg3 1/2-1/2

[Event "4NCL/Div2/BIG2-GUI2"]
[Site "Rd7-Birmingham"]
[Date "2000.03.25"]
[Round "7.8"]
[White "Goodwin, Lydia"]
[Black "Crombleholme, Alan"]
[Result "0-1"]
[WhiteElo "1688"]
[BlackElo "2099"]
[PlyCount "74"]
[EventDate "2000.03.25"]
[Source "Britbase"]
[SourceDate "2000.01.01"]

1. e4 c5 2. Nf3 e6 3. d4 cxd4 4. Nxd4 Nf6 5. Nc3 d6 6. Be2 Be7 7. O-O O-O 8.
Be3 a6 9. f4 Qc7 10. g4 b5 11. g5 Ne8 12. Bf3 Bb7 13. f5 b4 14. Nb1 e5 15. Ne2
Nd7 16. c3 Nb6 17. Nd2 d5 18. Rc1 Bc5 19. Bxc5 Qxc5+ 20. Kh1 Qe3 21. exd5 Bxd5
22. Bxd5 Nxd5 23. Rf3 Qxg5 24. Ne4 Qg4 25. N2g3 bxc3 26. bxc3 Nef6 27. Nxf6+
Nxf6 28. Rd3 Qc4 29. Qd2 Ne4 30. Nxe4 Qxe4+ 31. Kg1 Qxf5 32. Rf1 Qe6 33. Rg3 f5
34. Qg5 Ra7 35. Rf2 f4 36. Rd3 h6 37. Qh4 Qg6+ 0-1

[Event "4NCL/Div2/GWE-TWR"]
[Site "Rd7-Birmingham"]
[Date "2000.03.25"]
[Round "7.1"]
[White "Varley, Peter"]
[Black "Townsend, Paul"]
[Result "1-0"]
[WhiteElo "2240"]
[BlackElo "2224"]
[PlyCount "87"]
[EventDate "2000.03.25"]
[Source "Britbase"]
[SourceDate "2000.01.01"]

1. e4 g6 2. d4 Bg7 3. c4 d6 4. Nc3 e5 5. dxe5 dxe5 6. Qxd8+ Kxd8 7. h4 h5 8.
Nf3 c6 9. b4 Nd7 10. Be2 Nh6 11. O-O Nf8 12. Rd1+ Kc7 13. b5 Ne6 14. bxc6 bxc6
15. Na4 Nf4 16. Bf1 Bg4 17. Bd2 a5 18. Be3 Rhb8 19. Rab1 Rb4 20. Bb6+ Kc8 21.
Nc5 Ne6 22. Rxb4 axb4 23. Nxe6 Bxe6 24. Rd8+ Kb7 25. Rxa8 Kxa8 26. Bc5 f5 27.
Ng5 Bd7 28. Bxb4 Ng4 29. Bc5 Nf6 30. f3 fxe4 31. Nxe4 Nxe4 32. fxe4 Bf6 33. Bf2
Bg4 34. Bg3 Bd1 35. Bd3 Kb7 36. Kf2 Kb6 37. Ke1 Bg4 38. Bf2+ Ka5 39. Kd2 Kb4
40. Kc2 Bc8 41. Kb2 Be7 42. Bb6 Ka4 43. Bc2+ Kb4 44. Bb3 1-0

[Event "4NCL/Div2/GWE-TWR"]
[Site "Rd7-Birmingham"]
[Date "2000.03.25"]
[Round "7.2"]
[White "Burnett, Jim"]
[Black "Walden-Jones, Andrew"]
[Result "1/2-1/2"]
[WhiteElo "2215"]
[BlackElo "2135"]
[PlyCount "103"]
[EventDate "2000.03.25"]
[Source "Britbase"]
[SourceDate "2000.01.01"]

1. Nf3 Nf6 2. g3 d5 3. Bg2 Nbd7 4. O-O e5 5. d3 Bd6 6. Nbd2 O-O 7. e4 c6 8. Qe2
Re8 9. a4 b6 10. Nh4 Bb7 11. Nf5 Bf8 12. a5 a6 13. Nb3 Nc5 14. Nxc5 Bxc5 15.
Bd2 Bc8 16. Ne3 b5 17. Kh1 Ra7 18. f3 Be6 19. f4 dxe4 20. dxe4 Rd7 21. Bc3 exf4
22. gxf4 Bd4 23. f5 Bxc3 24. fxe6 Rd2 25. exf7+ Kxf7 26. Qh5+ Kg8 27. Qg5 Bxb2
28. Rad1 Rxd1 29. Rxd1 Qc7 30. Nf5 Be5 31. Nh6+ Kh8 32. Ng4 Bf4 33. Qf5 Nxg4
34. Qxg4 Bxh2 35. e5 Qxe5 36. Bxc6 Rf8 37. Be4 Bf4 38. Re1 Qg5 39. Qxg5 Bxg5
40. Bb7 Bd2 41. Re5 Bc3 42. Rd5 g6 43. Bxa6 Bxa5 44. Bxb5 Rf5 45. Rxf5 gxf5 46.
Bd3 f4 47. Kg2 Kg7 48. Kf3 Bc7 49. Kg4 h6 50. Be4 Kf6 51. Kh5 Ke5 52. Bf3
1/2-1/2

[Event "4NCL/Div2/GWE-TWR"]
[Site "Rd7-Birmingham"]
[Date "2000.03.25"]
[Round "7.3"]
[White "White, Ian G"]
[Black "Waters, Clive"]
[Result "0-1"]
[WhiteElo "2150"]
[BlackElo "2180"]
[PlyCount "42"]
[EventDate "2000.03.25"]
[Source "Britbase"]
[SourceDate "2000.01.01"]

1. e4 e5 2. Bc4 Nf6 3. d3 Nc6 4. Nf3 Be7 5. O-O O-O 6. c3 d6 7. Na3 a6 8. b4 d5
9. exd5 Nxd5 10. Qe1 Bf6 11. b5 axb5 12. Nxb5 Nb6 13. Ba3 Re8 14. Rd1 Bd7 15.
Qe4 Qc8 16. Rd2 Bf5 17. Qe2 e4 18. Nfd4 Nxd4 19. cxd4 exd3 20. Qxe8+ Qxe8 21.
Nxc7 Qd8 0-1

[Event "4NCL/Div2/GWE-TWR"]
[Site "Rd7-Birmingham"]
[Date "2000.03.25"]
[Round "7.4"]
[White "Jones, Gawain"]
[Black "Adams, Mark"]
[Result "1-0"]
[WhiteElo "2160"]
[BlackElo "2034"]
[PlyCount "85"]
[EventDate "2000.03.25"]
[Source "Britbase"]
[SourceDate "2000.01.01"]

1. e4 c5 2. Nc3 Nc6 3. Bb5 e6 4. Bxc6 bxc6 5. f4 d5 6. e5 c4 7. Nf3 Bc5 8. d4
Bb6 9. O-O Ne7 10. Be3 Nf5 11. Bf2 h5 12. Ne2 Rb8 13. c3 Qe7 14. Qd2 a5 15. Ng3
Nh6 16. Nxh5 Nf5 17. Ng3 Nh4 18. Nxh4 Qxh4 19. h3 Qh7 20. Rae1 Ba6 21. Be3 g6
22. Rf3 Bd8 23. Nf1 Be7 24. Re2 Kd7 25. g4 a4 26. a3 Rb3 27. f5 gxf5 28. gxf5
exf5 29. Qc2 Rg8+ 30. Kh2 Rgb8 31. Bc1 Bc8 32. Rxf5 Ke8 33. e6 Bd6+ 34. Bf4
Bxf4+ 35. Rxf4 Qxc2 36. exf7+ Kf8 37. Rxc2 Rxb2 38. Rxb2 Rxb2+ 39. Kg3 Rb3 40.
Rf3 Rxa3 41. h4 Rb3 42. h5 a3 43. h6 1-0

[Event "4NCL/Div2/GWE-TWR"]
[Site "Rd7-Birmingham"]
[Date "2000.03.25"]
[Round "7.5"]
[White "Fletcher, John"]
[Black "Raoof, Adam"]
[Result "1/2-1/2"]
[WhiteElo "2100"]
[BlackElo "2145"]
[PlyCount "44"]
[EventDate "2000.03.25"]
[Source "Britbase"]
[SourceDate "2000.01.01"]

1. d4 f5 2. e4 fxe4 3. Nc3 Nf6 4. Bg5 Nc6 5. f3 d5 6. fxe4 dxe4 7. Bb5 Bd7 8.
Nge2 e5 9. d5 Ne7 10. Bxf6 gxf6 11. Ng3 Bxb5 12. Nxb5 Qd7 13. d6 Qxb5 14. dxe7
Qb4+ 15. c3 Qxe7 16. Qg4 Qd7 17. Nxe4 Qxg4 18. Nxf6+ Ke7 19. Nxg4 Rg8 20. Ne3
Ke6 21. Ke2 Bc5 22. g3 h5 1/2-1/2

[Event "4NCL/Div2/GWE-TWR"]
[Site "Rd7-Birmingham"]
[Date "2000.03.25"]
[Round "7.6"]
[White "Jones, Rupert"]
[Black "Blackburn, Jonathan"]
[Result "0-1"]
[WhiteElo "1776"]
[BlackElo "1896"]
[PlyCount "94"]
[EventDate "2000.03.25"]
[Source "Britbase"]
[SourceDate "2000.01.01"]

1. e4 e6 2. d4 d5 3. e5 c5 4. c3 Qb6 5. Nf3 Bd7 6. Bd3 Nc6 7. Bc2 cxd4 8. cxd4
Nb4 9. Nc3 Ne7 10. Bb1 Ng6 11. O-O Be7 12. a3 Nc6 13. b4 Rc8 14. Na4 Qc7 15.
Nc5 b5 16. Bd3 Bxc5 17. bxc5 Na5 18. h4 Nc4 19. h5 Ne7 20. Ng5 h6 21. Nf3 Bc6
22. Nh4 Qa5 23. Qe1 Qa4 24. Qb4 Qa6 25. f4 Bd7 26. g4 Nc6 27. Qc3 Qa5 28. Qxa5
N4xa5 29. Be3 Nb3 30. Rab1 Nbxd4 31. Bxd4 Nxd4 32. Rb4 Nc6 33. Rxb5 Ke7 34. Rb7
Rb8 35. Rb5 Nd4 36. Ra5 Rb7 37. Ra6 Rc8 38. f5 Rxc5 39. fxe6 Bxe6 40. Nf5+ Bxf5
41. gxf5 Rc3 42. f6+ gxf6 43. exf6+ Kd7 44. Bh7 Nf3+ 45. Kh1 Rb2 46. Rxa7+ Kc6
47. Rxf3 Rc1+ 0-1

[Event "4NCL/Div2/GWE-TWR"]
[Site "Rd7-Birmingham"]
[Date "2000.03.25"]
[Round "7.7"]
[White "Brown, Alan M"]
[Black "Mitchell, Gareth"]
[Result "1-0"]
[WhiteElo "1952"]
[BlackElo "1568"]
[PlyCount "75"]
[EventDate "2000.03.25"]
[Source "Britbase"]
[SourceDate "2000.01.01"]

1. d4 Nf6 2. c4 c5 3. Nf3 cxd4 4. Nxd4 e5 5. Nf3 Nc6 6. Nc3 Bb4 7. Bd2 O-O 8.
e3 Re8 9. Qb3 e4 10. Nxe4 Rxe4 11. Bxb4 b5 12. Bc3 bxc4 13. Qc2 d5 14. Rd1 Bf5
15. Qc1 Ne7 16. Be2 h6 17. O-O Qb6 18. Nd4 Bg6 19. f3 Re5 20. f4 Re4 21. Bf3
Re6 22. Nxe6 fxe6 23. Bd4 Qa5 24. Qc3 Qxc3 25. Bxc3 Bd3 26. Rfe1 Ne4 27. Bd4
Nc6 28. Be2 Bxe2 29. Rxe2 Nxd4 30. exd4 Rb8 31. Rf1 g6 32. g3 Kg7 33. Rf3 Kf6
34. Ra3 Rb7 35. Kg2 Ke7 36. Kf1 Kd6 37. Ra6+ Kd7 38. Rc2 1-0